书目信息 |
| 题名: |
国际跳棋基础练习
|
|
| 作者: | 郭霄鹏 , 江洋 主编 | |
| 分册: | ||
| 出版信息: | 太原 山西科学技术出版社 2022.05 |
|
| 页数: | 107页 | |
| 开本: | 24cm | |
| 丛书名: | ||
| 单 册: | ||
| 中图分类: | G891.9 | |
| 科图分类: | ||
| 主题词: | 棋类运动--基本知识 | |
| 电子资源: | ||
| ISBN: | 978-7-5377-6186-4 | |
| 000 | 00819nam0 2200241 450 | |
| 001 | 012001001581 | |
| 005 | 20141202155516.0 | |
| 010 | @a978-7-5377-6186-4@dCNY28.00 | |
| 100 | @a20220905d2022 em y0chiy50 ea | |
| 101 | 0 | @achi |
| 102 | @aCN@b140000 | |
| 105 | @ay z 000yy | |
| 106 | @ar | |
| 200 | 1 | @a国际跳棋基础练习@Aguo ji tiao qi ji chu lian xi@f郭霄鹏,江洋主编 |
| 210 | @a太原@c山西科学技术出版社@d2022.05 | |
| 215 | @a107页@d24cm | |
| 330 | @a本书分为十五课,内容包括:兵的走法——双方各有多少种走法、兵的吃法——双方各有哪些吃法、可多吃必多吃(兵)、可多吃必多吃(王)、攻击、防守、突破成王等。 | |
| 606 | 0 | @a棋类运动@x基本知识 |
| 690 | @aG891.9@v5 | |
| 701 | 0 | @a郭霄鹏@Aguo xiao peng@4主编 |
| 701 | 0 | @a江洋@Ajiang yang@4主编 |
| 801 | 0 | @aCN@bAHXH@c20221111 |
| 905 | @b1371310-4@dG891.9@e528@f5 | |
| 国际跳棋基础练习/郭霄鹏,江洋主编.-太原:山西科学技术出版社,2022.05 |
| 107页;24cm |
| ISBN 978-7-5377-6186-4:CNY28.00 |
| 本书分为十五课,内容包括:兵的走法——双方各有多少种走法、兵的吃法——双方各有哪些吃法、可多吃必多吃(兵)、可多吃必多吃(王)、攻击、防守、突破成王等。 |
| ● |
| 相关链接 |
|
|
|
|
正题名:国际跳棋基础练习
索取号:G891.9/528
 
预约/预借
| 序号 | 登录号 | 条形码 | 馆藏地/架位号 | 状态 | 备注 |
| 1 | 1371310 | 213713105 | 第一样本阅览室/ [索取号:G891.9/528] | 在馆 | |
| 2 | 1371311 | 213713114 | 教育系资料室/ [索取号:G891.9/528] | 在馆 | |
| 3 | 1371312 | 213713123 | 教育系资料室/ [索取号:G891.9/528] | 在馆 | |
| 4 | 1371313 | 213713132 | 第四借阅区/ [索取号:G891.9/528] | 在馆 | |
| 5 | 1371314 | 213713141 | 第四借阅区/ [索取号:G891.9/528] | 在馆 |